Investment guide for Kazakhstan
Saved in:
| Corporate Author: | |
|---|---|
| Format: | Book |
| Language: | English |
| Published: |
Paris
OECD
1998
|
| Subjects: | |
| Tags: |
No Tags, Be the first to tag this record!
|
MARC
| LEADER | 00000nam a2200000 4500 | ||
|---|---|---|---|
| 001 | c122527 | ||
| 005 | 20240111125533.6 | ||
| 020 | |a 92-64-16108-2 | ||
| 041 | 0 | |a eng | |
| 044 | |a FR | ||
| 245 | 1 | 0 | |a Investment guide for Kazakhstan |
| 264 | 1 | |a Paris |b OECD |c 1998 | |
| 300 | |a 160 s. | ||
| 610 | 2 | 0 | |a investície zahraničné |
| 610 | 2 | 0 | |a podmienky prírodné |
| 610 | 2 | 0 | |a populácia |
| 610 | 2 | 0 | |a systémy politické |
| 610 | 2 | 0 | |a vzťahy hospodárske medzinárodné |
| 610 | 2 | 0 | |a politika hospodárska |
| 610 | 2 | 0 | |a ukazovatele ekonomické |
| 610 | 2 | 0 | |a vývoj hospodársky |
| 610 | 2 | 0 | |a reformy štruktúrne |
| 610 | 2 | 0 | |a investície zahraničné |
| 610 | 2 | 0 | |a priemysel |
| 610 | 2 | 0 | |a turistika |
| 610 | 2 | 0 | |a poľnohospodárstvo |
| 610 | 2 | 0 | |a legislatíva |
| 610 | 2 | 0 | |a dane |
| 610 | 2 | 0 | |a evidencia účtovná |
| 610 | 2 | 0 | |a energetika |
| 610 | 2 | 0 | |a investori |
| 610 | 2 | 0 | |a adresáre |
| 610 | 2 | 0 | |a Kazachstan |
| 610 | 2 | 0 | |a OECD |
| 710 | 2 | |a OECD - Centre for Co-operation with Non-members | |